Vorlesungen zur Einführung in die sprachanalytische Philosophie

Guardat en:
Dades bibliogràfiques
Autor principal: Tugendhat, Ernst (Autor)
Format: Llibre
Idioma:alemany
Publicat: Frankfurt am Main Suhrkamp 1979
Edició:2a. ed
Col·lecció:Suhrkamp Taschenbuch Wissenschaft, 45
Matèries:
Etiquetes: Afegir etiqueta
Sense etiquetes, Sigues el primer a etiquetar aquest registre!

MARC

LEADER 00000nam a2200000 a 4500
001 UCZ3989
003 CL-VaPUC
008 951027e19790000GW |||||||||||||||||ger|d
082 0 4 |a 149.94  |b TUG  |2 21 
100 0 |a Tugendhat, Ernst  |e author  |9 347845 
245 1 0 |a Vorlesungen zur Einführung in die sprachanalytische Philosophie 
250 |a 2a. ed 
300 |a 534 p 
942 |c BK 
945 |d 19951027 00:00:00  |a lriquelm 
260 |a Frankfurt am Main  |b Suhrkamp  |c 1979 
650 0 |a Filosofía   |9 223554 
650 0 |a Lingüística  |9 265068 
650 0 |a Semántica  |9 265318 
650 0 |a Filosofía alemana   |9 265002 
650 0 |a Lógica  |9 256849 
583 |a last modification  |c 19951027 00:00:00  |k Rodrigo Vera 
490 0 |a Suhrkamp Taschenbuch Wissenschaft, 45 
999 |c 240428  |d 240426 
952 |0 0  |1 0  |4 0  |6 149_940000000000000_TUG_1979  |7 0  |8 P  |9 252292  |a BIBEDU  |b BIBEDU  |c BIBEDU_PB  |d 2019-11-18  |i 1597736  |o 149.94 TUG 1979  |p 1597736  |r 2024-01-25  |w 2019-11-18  |y BK  |k FIL